[Event "Cote d'Ivoire Blitz 2019"]
[Site "Abidjan CIV"]
[Date "2019.05.12"]
[Round "18"]
[White "Amin, Bassem"]
[Black "So, Wesley"]
[Result "1/2-1/2"]
[WhiteElo "2704"]
[BlackElo "2754"]
[PlyCount "57"]
[EventDate "2019.05.11"]

1. e4 e5 2. Nf3 Nc6 3. Bc4 Bc5 4. O-O Nf6 5. d3 O-O 6. h3 d6 7. c3 a6 8. Bb3
Be6 9. Bc2 d5 10. Ng5 dxe4 11. dxe4 Bc4 12. Re1 Qxd1 13. Rxd1 h6 14. Nf3 Be2
15. Re1 Bxf3 16. gxf3 Nh5 17. Be3 Bxe3 18. fxe3 Rad8 19. Kf2 Nf6 20. b4 Nd7 21.
Nd2 Nb6 22. Ke2 Rd6 23. Rad1 Rfd8 24. Bb3 Kf8 25. Nf1 Rxd1 26. Rxd1 Rxd1 27.
Kxd1 Ne7 28. Ng3 Nd7 29. Ke2 1/2-1/2

[Event "Cote d'Ivoire Blitz 2019"]
[Site "Abidjan CIV"]
[Date "2019.05.12"]
[Round "18.4"]
[White "Wei, Yi"]
[Black "Topalov, Veselin"]
[Result "1/2-1/2"]
[WhiteElo "2736"]
[BlackElo "2740"]
[PlyCount "78"]
[EventDate "2019.05.11"]

1. Nf3 d5 2. e3 c6 3. c4 Nf6 4. Nc3 Nbd7 5. Qc2 e5 6. cxd5 Nxd5 7. d4 Bd6 8.
dxe5 Nxe5 9. Nxe5 Bxe5 10. Qe4 Qe7 11. Nxd5 cxd5 12. Bb5+ Kf8 13. Qxd5 g6 14.
O-O Kg7 15. Bd2 Rd8 16. Qxe5+ Qxe5 17. Bc3 Qxc3 18. bxc3 Be6 19. Ba4 Rd3 20.
Rab1 b6 21. Bb3 Bxb3 22. Rxb3 Rc8 23. Rc1 Rd2 24. Ra3 Rc7 25. Kf1 Rb2 26. c4
Rd7 27. e4 Rdd2 28. Rf3 Rxa2 29. g3 Rdc2 30. Rd1 Rd2 31. Rxd2 Rxd2 32. Rc3 Rd7
33. e5 Re7 34. f4 f6 35. exf6+ Kxf6 36. Kf2 Rc7 37. Ke3 b5 38. c5 b4 39. Rb3
Rxc5 1/2-1/2

[Event "Cote d'Ivoire Blitz 2019"]
[Site "Abidjan CIV"]
[Date "2019.05.12"]
[Round "18.5"]
[White "Ding, Liren"]
[Black "Karjakin, Sergey"]
[Result "1-0"]
[WhiteElo "2805"]
[BlackElo "2752"]
[PlyCount "87"]
[EventDate "2019.05.11"]

1. c4 Nf6 2. Nc3 e5 3. Nf3 Nc6 4. e3 Bb4 5. Qc2 Bxc3 6. bxc3 O-O 7. d3 d6 8.
Be2 Ne8 9. O-O f5 10. c5 d5 11. c4 e4 12. Nd2 Nb4 13. Qb3 exd3 14. Bf3 Na6 15.
Ba3 dxc4 16. Qxc4+ Kh8 17. c6 b5 18. Qxb5 Rf6 19. Rfd1 Rb8 20. Qc4 Rb6 21. Nb3
Nd6 22. Rxd3 Be6 23. Qf4 Bxb3 24. axb3 Qb8 25. Bxd6 cxd6 26. h4 Nc5 27. Rc3 Ne6
28. Qa4 a6 29. g3 Nc7 30. Rd1 Rb4 31. Qa5 h6 32. Rcd3 Rb5 33. Qc3 Ne8 34. Kg2
Kh7 35. h5 Qb6 36. Qc2 a5 37. Rd5 Rxb3 38. Rxf5 Rb2 39. Qd3 Kh8 40. Rxf6 Nxf6
41. Qc3 Ne8 42. Rd4 Rb5 43. Re4 Nf6 44. c7 1-0

[Event "Top 12 (French League) 2019"]
[Site "Brest FRA"]
[Date "2019.05.18"]
[Round "1"]
[White "Malakhov, Vladimir"]
[Black "Vachier-Lagrave, Maxime"]
[Result "1/2-1/2"]
[WhiteElo "2660"]
[BlackElo "2780"]
[PlyCount "111"]
[EventDate "2019.05.18"]
[WhiteTeam "Club d'Echecs Metz Fischer"]
[BlackTeam "Asnieres - Le Grand Echiquier"]

1. Nf3 c5 2. c4 Nf6 3. Nc3 d5 4. cxd5 Nxd5 5. e3 Nxc3 6. bxc3 g6 7. Bb5+ Bd7 8.
Be2 Bg7 9. O-O O-O 10. d4 Bc6 11. Ba3 cxd4 12. cxd4 Re8 13. Rc1 e6 14. Nd2 Nd7
15. Bf3 Bb5 16. Re1 Qa5 17. Qb3 Bf8 18. Bxf8 Rxf8 19. Qc3 Qxc3 20. Rxc3 Rac8
21. Rec1 Rxc3 22. Rxc3 e5 23. Bxb7 exd4 24. exd4 Nb6 25. Rb3 Ba4 26. Rb4 Re8
27. g4 Re2 28. Nc4 Rxa2 29. Nxb6 axb6 30. Rxb6 Rd2 31. Rb4 Bd7 32. Bf3 Kf8 33.
h4 h6 34. d5 Ke7 35. Rb7 Kd6 36. Kg2 Rc2 37. Kg3 Rc7 38. Rb8 Rc8 39. Rb6+ Ke5
40. Rb7 Rd8 41. g5 hxg5 42. hxg5 Be8 43. Bg2 Ra8 44. Re7+ Kd6 45. Re2 Bd7 46.
Be4 Bb5 47. Rb2 Bc4 48. Rb7 Re8 49. f3 Re7 50. Rb4 Rc7 51. Rb6+ Kc5 52. Rc6+
Rxc6 53. dxc6 Kd6 54. Kf4 Bb3 55. Ke3 Ba4 56. Kd4 1/2-1/2

[Event "Top 12 (French League) 2019"]
[Site "Brest FRA"]
[Date "2019.05.18"]
[Round "1"]
[White "Harikrishna, Pentala"]
[Black "Balogh, Csaba"]
[Result "1-0"]
[WhiteElo "2730"]
[BlackElo "2598"]
[PlyCount "71"]
[EventDate "2019.05.18"]
[WhiteTeam "Asnieres - Le Grand Echiquier"]
[BlackTeam "Club d'Echecs Metz Fischer"]

1. e4 e5 2. Nf3 Nc6 3. Bc4 Bc5 4. c3 Nf6 5. d3 d6 6. a4 a6 7. O-O Ba7 8. Na3
O-O 9. Nc2 Ne7 10. Be3 Ng6 11. Bxa7 Rxa7 12. Re1 c6 13. Bb3 Re8 14. d4 Bg4 15.
h3 Bxf3 16. Qxf3 Qb6 17. Ra3 d5 18. exd5 e4 19. Qg3 cxd5 20. Ne3 Qd8 21. c4 Nh5
22. Qg4 Nf6 23. Qg3 Nh5 24. Qh2 dxc4 25. Nxc4 Nhf4 26. Ne5 Nd5 27. Rxe4 Ra8 28.
Qg3 f6 29. Nxg6 Rxe4 30. Nf4 Kh8 31. Nxd5 Rxd4 32. Ne3 Rc8 33. Nf5 Rd7 34. Be6
Rd1+ 35. Kh2 Rc7 36. Rc3 1-0

[Event "Top 12 (French League) 2019"]
[Site "Brest FRA"]
[Date "2019.05.18"]
[Round "1"]
[White "Karthikeyan, Murali"]
[Black "Amin, Bassem"]
[Result "0-1"]
[WhiteElo "2596"]
[BlackElo "2704"]
[PlyCount "79"]
[EventDate "2019.05.18"]
[WhiteTeam "Cannes Echecs"]
[BlackTeam "Clichy-Echecs-92"]

1. e4 e5 2. Nf3 Nc6 3. Bb5 a6 4. Ba4 Nf6 5. O-O Be7 6. d3 d6 7. c3 O-O 8. Re1
Re8 9. Nbd2 Bf8 10. h3 b5 11. Bc2 Bb7 12. a4 Nb8 13. b4 c5 14. bxc5 dxc5 15.
Rb1 Bc6 16. d4 cxd4 17. cxd4 exd4 18. Bb2 d3 19. Bb3 bxa4 20. Ba2 Ra7 21. Bd4
Rae7 22. Bxf6 gxf6 23. Nh4 Nd7 24. Nf5 Ne5 25. h4 Rb7 26. Rxb7 Bxb7 27. f4 Ng6
28. h5 Bc8 29. hxg6 hxg6 30. Ne3 Bc5 31. Qxa4 Kg7 32. Qc4 Bxe3+ 33. Rxe3 Be6
34. Qa4 Qb6 35. Kf2 Rc8 36. Bxe6 Rc2 37. Kf3 Rxd2 38. Bh3 Qb1 39. Kg3 Re2 40.
Rf3 0-1

[Event "Top 12 (French League) 2019"]
[Site "Brest FRA"]
[Date "2019.05.19"]
[Round "2"]
[White "Harikrishna, Pentala"]
[Black "Godart, Francois"]
[Result "1-0"]
[WhiteElo "2730"]
[BlackElo "2419"]
[PlyCount "83"]
[EventDate "2019.05.18"]
[WhiteTeam "Asnieres - Le Grand Echiquier"]
[BlackTeam "T H F Saint-Quentin"]

1. Nf3 d5 2. g3 Nf6 3. Bg2 c5 4. O-O e6 5. c4 d4 6. e3 Nc6 7. exd4 cxd4 8. d3
h6 9. Bf4 Bd6 10. Bxd6 Qxd6 11. Nbd2 O-O 12. Rc1 e5 13. Re1 Be6 14. c5 Qc7 15.
Qa4 Nd7 16. a3 a5 17. Nb3 Bxb3 18. Qxb3 a4 19. Qd5 Ra5 20. Nd2 Rd8 21. Qd6 Qxd6
22. cxd6 Rb5 23. Bxc6 bxc6 24. Rxc6 Rxb2 25. Nc4 Rb3 26. Rc7 Nb6 27. Nxb6 Rxb6
28. Rxe5 Rdxd6 29. Re8+ Kh7 30. Rxf7 Rb3 31. Ra7 Rxd3 32. Ree7 Rd1+ 33. Kg2 Rg6
34. Rxa4 d3 35. Rd4 Rd2 36. Re3 Rf6 37. Rf3 Rxf3 38. Kxf3 Kg6 39. h4 Kh5 40.
Rd6 g6 41. g4+ Kxh4 42. Rxg6 1-0

[Event "Top 12 (French League) 2019"]
[Site "Brest FRA"]
[Date "2019.05.20"]
[Round "3"]
[White "Amin, Bassem"]
[Black "Santos Ruiz, Miguel"]
[Result "1/2-1/2"]
[WhiteElo "2704"]
[BlackElo "2549"]
[PlyCount "77"]
[EventDate "2019.05.18"]
[WhiteTeam "Clichy-Echecs-92"]
[BlackTeam "Grasse Echecs"]

1. e4 e5 2. Nf3 Nc6 3. Bc4 Bc5 4. c3 Nf6 5. d3 a5 6. O-O d6 7. Re1 O-O 8. Nbd2
Be6 9. a4 Qe7 10. Qb3 Rab8 11. h3 Nd7 12. Nf1 Bxc4 13. Qxc4 Qe6 14. Qb5 Nb6 15.
N1d2 Qg6 16. Qb3 Kh8 17. Qc2 f5 18. exf5 Qxf5 19. Ne4 Nd7 20. Be3 Bxe3 21. fxe3
Nf6 22. Nxf6 Rxf6 23. Rf1 Rbf8 24. Rf2 Qg6 25. Raf1 Qg3 26. Qe2 Ne7 27. Nd2
Rxf2 28. Rxf2 Qxf2+ 29. Qxf2 Rxf2 30. Kxf2 Kg8 31. Nc4 Nc6 32. Na3 Na7 33. e4
Kf7 34. d4 exd4 35. cxd4 Nc6 36. Ke3 Ke7 37. Nc4 b6 38. d5 Nb4 39. Kd4 1/2-1/2

[Event "Top 12 (French League) 2019"]
[Site "Brest FRA"]
[Date "2019.05.20"]
[Round "3"]
[White "Tabatabaei, M.amin"]
[Black "Harikrishna, Pentala"]
[Result "1/2-1/2"]
[WhiteElo "2610"]
[BlackElo "2730"]
[PlyCount "97"]
[EventDate "2019.05.18"]
[WhiteTeam "Cannes Echecs"]
[BlackTeam "Asnieres - Le Grand Echiquier"]

1. d4 Nf6 2. c4 e6 3. Nf3 d5 4. Nc3 Bb4 5. cxd5 exd5 6. Bg5 h6 7. Bh4 O-O 8. e3
Bf5 9. Qb3 Bxc3+ 10. Qxc3 Nbd7 11. Be2 c6 12. Nd2 Ne4 13. Bxd8 Nxc3 14. bxc3
Rfxd8 15. a4 Rac8 16. Nf1 Nf6 17. Ng3 Bg6 18. h4 Ne4 19. Nxe4 Bxe4 20. f3 Bh7
21. h5 c5 22. Kd2 cxd4 23. exd4 Rd6 24. Bd3 Bxd3 25. Kxd3 Re6 26. Rab1 b6 27.
Rb5 Rce8 28. Rxd5 Re3+ 29. Kc4 Rc8+ 30. Kb5 Rexc3 31. Rd7 Rc2 32. g4 R2c3 33.
Rf1 Kf8 34. d5 R3c7 35. Rxc7 Rxc7 36. d6 Rc5+ 37. Ka6 Ra5+ 38. Kb7 Ke8 39. Re1+
Kd7 40. Re7+ Kxd6 41. Rxf7 b5 42. axb5 Rxb5+ 43. Kxa7 Rg5 44. Kb6 Ke6 45. Rc7
Kf6 46. Rc6+ Kf7 47. Rc7+ Kf6 48. Rc6+ Kf7 49. Rc7+ 1/2-1/2

[Event "Top 12 (French League) 2019"]
[Site "Brest FRA"]
[Date "2019.05.21"]
[Round "4"]
[White "Vachier-Lagrave, Maxime"]
[Black "Amin, Bassem"]
[Result "1-0"]
[WhiteElo "2780"]
[BlackElo "2704"]
[PlyCount "83"]
[EventDate "2019.05.18"]
[WhiteTeam "Asnieres - Le Grand Echiquier"]
[BlackTeam "Clichy-Echecs-92"]

1. e4 e5 2. Nf3 Nc6 3. Bb5 a6 4. Ba4 Nf6 5. O-O Be7 6. Re1 b5 7. Bb3 d6 8. c3
O-O 9. h3 Nb8 10. d4 Nbd7 11. Nbd2 Bb7 12. Bc2 Re8 13. Nf1 Bf8 14. Ng3 g6 15.
a4 c5 16. d5 c4 17. Bg5 Nc5 18. Nh2 h6 19. Be3 h5 20. Qf3 Nh7 21. Qe2 Qc7 22.
Ngf1 Rab8 23. Nd2 Bc8 24. axb5 axb5 25. f4 exf4 26. Bxf4 Nf6 27. Qf1 Nfd7 28.
Nhf3 Bg7 29. Qf2 Rb6 30. Be3 Ra6 31. Rxa6 Bxa6 32. Bd4 Bf8 33. Rf1 Bh6 34. g4
hxg4 35. Qh4 gxf3 36. Qxh6 Ne5 37. Nxf3 Ncd7 38. Ng5 Nf8 39. Nxf7 Qxf7 40. Rxf7
Kxf7 41. Bd1 Re7 42. Bg4 1-0

[Event "Top 12 (French League) 2019"]
[Site "Brest FRA"]
[Date "2019.05.21"]
[Round "4"]
[White "Hamdouchi, Hicham"]
[Black "Harikrishna, Pentala"]
[Result "1/2-1/2"]
[WhiteElo "2584"]
[BlackElo "2730"]
[PlyCount "40"]
[EventDate "2019.05.18"]
[WhiteTeam "Clichy-Echecs-92"]
[BlackTeam "Asnieres - Le Grand Echiquier"]

1. e4 e5 2. Nf3 Nc6 3. Bb5 a6 4. Ba4 Nf6 5. O-O Be7 6. Re1 b5 7. Bb3 O-O 8. a4
b4 9. d4 d6 10. dxe5 dxe5 11. Qxd8 Rxd8 12. Nbd2 Bd6 13. h3 Na5 14. Nc4 Nxc4
15. Bxc4 h6 16. Nd2 Bb7 17. Bd3 a5 18. Nc4 Bc5 19. Nxe5 Re8 20. Nc4 Bxe4
1/2-1/2

[Event "1st Grand Prix, Knockout 2019"]
[Site "Moscow RUS"]
[Date "2019.05.17"]
[Round "1"]
[White "Giri, Anish"]
[Black "Dubov, Daniil"]
[Result "1/2-1/2"]
[WhiteElo "2787"]
[BlackElo "2690"]
[PlyCount "72"]
[EventDate "2019.05.17"]

1. Nf3 Nf6 2. c4 g6 3. Nc3 Bg7 4. e4 e5 5. Nxe5 O-O 6. Nf3 Re8 7. d3 d5 8. cxd5
Nxd5 9. Bd2 Bg4 10. Qb3 Nxc3 11. bxc3 Na6 12. Be2 Nc5 13. Qc2 Bxf3 14. gxf3 Qh4
15. d4 Ne6 16. Qc1 c6 17. a4 Qh3 18. Rb1 b6 19. Be3 Rac8 20. Qd2 f5 21. Qd3 Kh8
22. e5 c5 23. d5 f4 24. dxe6 Rcd8 25. Qe4 fxe3 26. fxe3 Rxe6 27. Rd1 Rde8 28.
Bf1 Qh6 29. Qf4 g5 30. Qg4 Bxe5 31. Bb5 Rf8 32. Rd7 Bf4 33. Bd3 Rxe3+ 34. Kf2
Rfe8 35. h4 R3e7 36. Rxe7 Rxe7 1/2-1/2

[Event "1st Grand Prix, Knockout 2019"]
[Site "Moscow RUS"]
[Date "2019.05.17"]
[Round "1"]
[White "Radjabov, Teimour"]
[Black "Nakamura, Hikaru"]
[Result "1/2-1/2"]
[WhiteElo "2759"]
[BlackElo "2761"]
[PlyCount "23"]
[EventDate "2019.05.17"]

1. Nf3 Nf6 2. g3 d5 3. Bg2 e6 4. c4 Be7 5. O-O O-O 6. d4 dxc4 7. Qc2 b5 8. a4
b4 9. Nbd2 Bb7 10. Nxc4 c5 11. dxc5 Be4 12. Qd1 1/2-1/2

[Event "1st Grand Prix, Knockout 2019"]
[Site "Moscow RUS"]
[Date "2019.05.17"]
[Round "1"]
[White "Duda, Jan-Krzysztof"]
[Black "So, Wesley"]
[Result "1-0"]
[WhiteElo "2728"]
[BlackElo "2754"]
[PlyCount "49"]
[EventDate "2019.05.17"]

1. e4 e5 2. Nf3 Nc6 3. Bc4 Bc5 4. c3 Nf6 5. d3 O-O 6. O-O d5 7. exd5 Nxd5 8. a4
a6 9. Re1 Bg4 10. Nbd2 Kh8 11. h3 Bh5 12. Ne4 Ba7 13. Ng3 Bg6 14. Nxe5 Nxe5 15.
Rxe5 Nb6 16. Qf3 c6 17. Bf4 Bb8 18. Ree1 Nxc4 19. dxc4 Qh4 20. Ne2 Ba7 21. Bd6
Rfe8 22. Nf4 Bc2 23. c5 a5 24. Re2 Bb3 25. Ra3 1-0

[Event "1st Grand Prix, Knockout 2019"]
[Site "Moscow RUS"]
[Date "2019.05.17"]
[Round "1"]
[White "Karjakin, Sergey"]
[Black "Grischuk, Alexander"]
[Result "1/2-1/2"]
[WhiteElo "2752"]
[BlackElo "2772"]
[PlyCount "27"]
[EventDate "2019.05.17"]

1. d4 Nf6 2. c4 e6 3. Nf3 d5 4. Nc3 c6 5. e3 Nbd7 6. a4 Bd6 7. a5 O-O 8. Be2 e5
9. cxd5 cxd5 10. dxe5 Nxe5 11. O-O Bc7 12. Qb3 Nc6 13. a6 bxa6 14. Qa4 1/2-1/2

[Event "1st Grand Prix, Knockout 2019"]
[Site "Moscow RUS"]
[Date "2019.05.17"]
[Round "1"]
[White "Wei, Yi"]
[Black "Jakovenko, Dmitry"]
[Result "1/2-1/2"]
[WhiteElo "2736"]
[BlackElo "2708"]
[PlyCount "45"]
[EventDate "2019.05.17"]

1. Nf3 Nf6 2. c4 e6 3. g3 d5 4. Bg2 d4 5. e3 c5 6. O-O Nc6 7. exd4 cxd4 8. d3
Bd6 9. Bg5 h6 10. Bxf6 Qxf6 11. Nbd2 Qe7 12. a3 a5 13. Ne4 Bc7 14. b4 axb4 15.
axb4 Rxa1 16. Qxa1 f5 17. Nc5 O-O 18. Re1 Nxb4 19. Nxe6 Nc2 20. Nxf8 Qxe1+ 21.
Qxe1 Nxe1 22. Nxe1 Kxf8 23. Bd5 1/2-1/2

[Event "1st Grand Prix, Knockout 2019"]
[Site "Moscow RUS"]
[Date "2019.05.17"]
[Round "1"]
[White "Vitiugov, Nikita"]
[Black "Svidler, Peter"]
[Result "1/2-1/2"]
[WhiteElo "2734"]
[BlackElo "2739"]
[PlyCount "35"]
[EventDate "2019.05.17"]

1. c4 g6 2. Nc3 c5 3. g3 Bg7 4. Bg2 Nc6 5. b3 e5 6. Bb2 Nge7 7. e3 d6 8. Nge2
O-O 9. d3 Rb8 10. h4 h6 11. Qd2 Bg4 12. O-O-O a6 13. f3 Be6 14. h5 d5 15. cxd5
Nxd5 16. hxg6 fxg6 17. Kb1 Qe7 18. f4 1/2-1/2

[Event "1st Grand Prix, Knockout 2019"]
[Site "Moscow RUS"]
[Date "2019.05.17"]
[Round "1"]
[White "Wojtaszek, Radoslaw"]
[Black "Mamedyarov, Shakhriyar"]
[Result "1-0"]
[WhiteElo "2724"]
[BlackElo "2781"]
[PlyCount "133"]
[EventDate "2019.05.17"]

1. d4 Nf6 2. c4 g6 3. Nc3 d5 4. Bf4 Bg7 5. e3 c5 6. dxc5 Qa5 7. Rc1 dxc4 8.
Bxc4 O-O 9. Nge2 Qxc5 10. Qb3 Qa5 11. O-O Nbd7 12. Nb5 Ne4 13. Bc7 b6 14. Bxf7+
Rxf7 15. Qd5 Nec5 16. Qxa8 Qxb5 17. Nd4 Qa6 18. b4 Nd3 19. Rcd1 Nb2 20. Rb1
Bxd4 21. exd4 Nc4 22. Rbc1 b5 23. a4 Qb7 24. Qxb7 Bxb7 25. axb5 Na3 26. f4 Nxb5
27. Be5 Rf8 28. g3 Kf7 29. f5 g5 30. g4 a6 31. Kf2 Nf6 32. Rg1 Rh8 33. Ke2 h6
34. h3 Rd8 35. Rc4 Rg8 36. Re1 Nd5 37. Kf2 Rd8 38. Kg3 Ndc3 39. Kh2 Ne4 40. Re2
Nec3 41. Re3 Nd5 42. Re2 Rd7 43. Kg3 Nf6 44. h4 Rd8 45. hxg5 hxg5 46. Bxf6 exf6
47. Rh2 Kg7 48. Rd2 Rd7 49. Rc1 Bd5 50. Kf2 Kf7 51. Rc5 Ke7 52. Re2+ Kd6 53.
Re8 Nxd4 54. Ra5 Bb7 55. Ra3 Kd5 56. Rc3 Bc6 57. Ke3 Nb3 58. Re6 Bb5 59. Rxb3
Kc4 60. Rb1 Kc3 61. Rxf6 Rd3+ 62. Ke4 Rd4+ 63. Ke5 Rxg4 64. Rb6 Bd3 65. Rc6+
Kd2 66. Rb2+ Ke3 67. f6 1-0

[Event "1st Grand Prix, Knockout 2019"]
[Site "Moscow RUS"]
[Date "2019.05.18"]
[Round "1"]
[White "Dubov, Daniil"]
[Black "Giri, Anish"]
[Result "1-0"]
[WhiteElo "2690"]
[BlackElo "2787"]
[PlyCount "72"]
[EventDate "2019.05.17"]

1. d4 Nf6 2. c4 e6 3. Nf3 d5 4. Bg5 dxc4 5. e4 b5 6. a4 c6 7. Nc3 b4 8. Nb1 Ba6
9. e5 h6 10. Bxf6 gxf6 11. exf6 c5 12. Nbd2 c3 13. bxc3 bxc3 14. Ne4 cxd4 15.
Bb5+ Bxb5 16. axb5 Qd5 17. Qxd4 Qxb5 18. Nxc3 Bb4 19. O-O-O Qa5 20. Nb5 Na6 21.
Qd7+ Kf8 22. Kb1 Ba3 23. Rd3 Qb4+ 24. Kc2 Qa4+ 25. Kd2 Bb4+ 26. Ke2 Kg8 27. Ne5
Qc2+ 28. Kf3 Rf8 29. Rhd1 h5 30. Qd4 Rh7 31. Qf4 Bc5 32. Nd4 Qa2 33. R1d2 Qd5+
34. Ke2 Bb4 35. Ndc6 Qc5 36. Ne7+ Kh8 1-0

[Event "1st Grand Prix, Knockout 2019"]
[Site "Moscow RUS"]
[Date "2019.05.18"]
[Round "1"]
[White "Nakamura, Hikaru"]
[Black "Radjabov, Teimour"]
[Result "1/2-1/2"]
[WhiteElo "2761"]
[BlackElo "2759"]
[PlyCount "27"]
[EventDate "2019.05.17"]

1. d4 Nf6 2. c4 e6 3. Nf3 d5 4. Nc3 Be7 5. g3 O-O 6. Bg2 dxc4 7. Ne5 c5 8. dxc5
Qxd1+ 9. Nxd1 Bxc5 10. O-O Nd5 11. Ne3 Nc6 12. N3xc4 Nxe5 13. Nxe5 Bd4 14. Nd3
1/2-1/2

[Event "1st Grand Prix, Knockout 2019"]
[Site "Moscow RUS"]
[Date "2019.05.18"]
[Round "1"]
[White "So, Wesley"]
[Black "Duda, Jan-Krzysztof"]
[Result "1-0"]
[WhiteElo "2754"]
[BlackElo "2728"]
[PlyCount "109"]
[EventDate "2019.05.17"]

1. e4 c5 2. Nf3 d6 3. d4 cxd4 4. Nxd4 Nf6 5. Nc3 g6 6. Be3 Bg7 7. f3 O-O 8. Qd2
Nc6 9. Bc4 Bd7 10. O-O-O Ne5 11. Bb3 Rc8 12. Kb1 Nc4 13. Bxc4 Rxc4 14. g4 b5
15. b3 b4 16. bxc4 bxc3 17. Qxc3 Qc7 18. g5 Nh5 19. Ka1 Rc8 20. Rb1 Be6 21. Rb2
Bxc4 22. Rhb1 d5 23. exd5 Nf4 24. Rb7 Qe5 25. R1b4 Nxd5 26. Rxc4 Rf8 27. Rc5
Nxc3 28. Rxe5 Bxe5 29. Nc6 Bg7 30. Bxa7 e5 31. Kb2 e4 32. fxe4 Nxe4+ 33. Kb3
Re8 34. a4 Re6 35. Nd4 Ra6 36. Rb8+ Bf8 37. Bb6 Kg7 38. a5 Bd6 39. Re8 f5 40.
gxf6+ Nxf6 41. Rd8 Bxh2 42. Ne6+ Kf7 43. Nc5 Rxb6+ 44. axb6 h5 45. b7 h4 46.
Rd2 Bc7 47. Ne4 Ke6 48. Nxf6 Kxf6 49. Rd7 Bg3 50. Rh7 g5 51. Kc4 Kf5 52. Kd3
Kg4 53. Ke2 Kh3 54. c4 Kg2 55. Rh5 1-0

[Event "1st Grand Prix, Knockout 2019"]
[Site "Moscow RUS"]
[Date "2019.05.18"]
[Round "1"]
[White "Grischuk, Alexander"]
[Black "Karjakin, Sergey"]
[Result "1-0"]
[WhiteElo "2772"]
[BlackElo "2752"]
[PlyCount "103"]
[EventDate "2019.05.17"]

1. d4 Nf6 2. c4 e6 3. Nf3 d5 4. Nc3 Bb4 5. cxd5 exd5 6. Bg5 h6 7. Bh4 O-O 8. e3
Bf5 9. Be2 Nbd7 10. Qb3 Bxc3+ 11. Qxc3 c6 12. Nd2 Ne4 13. Bxd8 Nxc3 14. bxc3
Rfxd8 15. a4 c5 16. Nf1 Rac8 17. Ng3 Bh7 18. Kd2 Rc7 19. a5 Kf8 20. h4 Nf6 21.
Bf3 Ke7 22. h5 Kd6 23. Ra3 cxd4 24. exd4 Re8 25. Nf1 Be4 26. Ne3 Bxf3 27. Nf5+
Kc6 28. gxf3 Rg8 29. Raa1 Kd7 30. Rag1 Rgc8 31. Rc1 Rg8 32. Rce1 b6 33. a6 b5
34. Re5 Rb8 35. Rg1 Nxh5 36. Rxd5+ Ke6 37. Re5+ Kd7 38. Nxg7 Nxg7 39. Rxg7 Kd6
40. Rh7 b4 41. Rxh6+ Kd7 42. Rd5+ Ke7 43. Re5+ Kd7 44. cxb4 Rxb4 45. Ke3 Rc3+
46. Ke4 Rcc4 47. Rd5+ Ke7 48. f4 Rc2 49. f3 Ra4 50. f5 Re2+ 51. Kf4 Rea2 52.
Rhd6 1-0

[Event "1st Grand Prix, Knockout 2019"]
[Site "Moscow RUS"]
[Date "2019.05.18"]
[Round "1"]
[White "Aronian, Levon"]
[Black "Nepomniachtchi, Ian"]
[Result "1/2-1/2"]
[WhiteElo "2762"]
[BlackElo "2773"]
[PlyCount "71"]
[EventDate "2019.05.17"]

1. c4 e5 2. g3 Nf6 3. Bg2 d5 4. cxd5 Nxd5 5. Nc3 Nb6 6. e3 Nc6 7. Nge2 Qd3 8.
f4 Bb4 9. fxe5 Nxe5 10. Nf4 Qa6 11. Qc2 O-O 12. d4 Ng4 13. Nd3 Bxc3+ 14. Qxc3
Na4 15. Qb3 c5 16. dxc5 Bf5 17. Nb4 Qa5 18. O-O Nxc5 19. Qc4 Ne5 20. Qd4 Bd3
21. Rd1 Be2 22. Qxe5 Rae8 23. Qf5 Qxb4 24. Bd2 Qb6 25. Rdc1 Nd3 26. Rc2 Rxe3
27. Qa5 Qxa5 28. Bxa5 b6 29. Bd2 Re7 30. a4 h6 31. a5 bxa5 32. Bxa5 Rb8 33. Bc3
Bh5 34. Bf1 Bg6 35. Rd2 Nc5 36. Rdd1 1/2-1/2

[Event "1st Grand Prix, Knockout 2019"]
[Site "Moscow RUS"]
[Date "2019.05.18"]
[Round "1"]
[White "Jakovenko, Dmitry"]
[Black "Wei, Yi"]
[Result "0-1"]
[WhiteElo "2708"]
[BlackElo "2736"]
[PlyCount "66"]
[EventDate "2019.05.17"]

1. e4 e5 2. Nf3 Nc6 3. Bb5 a6 4. Ba4 Nf6 5. d3 Bc5 6. c3 b5 7. Bb3 d6 8. Bg5 h6
9. Bh4 Bd7 10. O-O Bb6 11. a4 Rb8 12. axb5 axb5 13. Na3 g5 14. Bg3 Ne7 15. d4
exd4 16. e5 dxe5 17. Nxe5 O-O 18. cxd4 Nf5 19. Nc2 Kg7 20. Qf3 Nxd4 21. Nxd4
Bxd4 22. Rad1 c5 23. Nxd7 Qxd7 24. Bxb8 Rxb8 25. Bc2 Qd5 26. Qg3 Re8 27. b3 Nh5
28. Qg4 Nf4 29. h4 Re2 30. hxg5 hxg5 31. Bd3 Rb2 32. Bxb5 Rxb3 33. Ba6 Kg6 0-1

[Event "1st Grand Prix, Knockout 2019"]
[Site "Moscow RUS"]
[Date "2019.05.18"]
[Round "1"]
[White "Svidler, Peter"]
[Black "Vitiugov, Nikita"]
[Result "1-0"]
[WhiteElo "2739"]
[BlackElo "2734"]
[PlyCount "91"]
[EventDate "2019.05.17"]

1. e4 e5 2. Nf3 Nc6 3. Bb5 a6 4. Ba4 Nf6 5. O-O Nxe4 6. d4 b5 7. Bb3 d5 8. dxe5
Be6 9. Nbd2 Be7 10. c3 O-O 11. Bc2 f5 12. Nb3 Qd7 13. Nfd4 Nxd4 14. Nxd4 c5 15.
Ne2 Rad8 16. f3 Ng5 17. Be3 d4 18. cxd4 cxd4 19. Nxd4 Bc5 20. Bxg5 Bxd4+ 21.
Kh1 Rde8 22. Bb3 Bxb3 23. Qxb3+ Qe6 24. f4 Qxb3 25. axb3 Re6 26. Rfd1 Bxb2 27.
Ra2 Bc3 28. Rd6 Rfe8 29. Raxa6 Rxd6 30. Rxd6 h6 31. Bd8 Kf7 32. Rd7+ Ke6 33.
Rd6+ Kf7 34. g3 Re6 35. Rd5 Ra6 36. Rxb5 Ra1+ 37. Kg2 Ra2+ 38. Kh3 Bd2 39. Rb7+
Ke8 40. Bb6 g5 41. fxg5 hxg5 42. Bc5 g4+ 43. Kh4 Bc1 44. Kh5 Rxh2+ 45. Kg6 Rc2
46. Bd6 1-0

[Event "1st Grand Prix, Knockout 2019"]
[Site "Moscow RUS"]
[Date "2019.05.18"]
[Round "1"]
[White "Mamedyarov, Shakhriyar"]
[Black "Wojtaszek, Radoslaw"]
[Result "1/2-1/2"]
[WhiteElo "2781"]
[BlackElo "2724"]
[PlyCount "91"]
[EventDate "2019.05.17"]

1. c4 Nf6 2. Nc3 e5 3. Nf3 Nc6 4. e3 Bb4 5. Qc2 Bxc3 6. Qxc3 Qe7 7. d4 exd4 8.
Nxd4 Nxd4 9. Qxd4 c5 10. Qh4 d5 11. f3 O-O 12. cxd5 Nxd5 13. Qxe7 Nxe7 14. Bc4
Nc6 15. b3 Re8 16. Kf2 Be6 17. Bb5 Red8 18. Bxc6 bxc6 19. e4 c4 20. bxc4 Rab8
21. Be3 Rb2+ 22. Kg3 h5 23. h4 Bxc4 24. Rhc1 Rxa2 25. Rxa2 Bxa2 26. Rxc6 Ra8
27. Rc5 g6 28. Ra5 Be6 29. Bxa7 f6 30. Kf4 Kf7 31. Ra6 Bd7 32. Ke3 Be6 33. Kd4
Rd8+ 34. Ke3 Ra8 35. f4 Bd7 36. Ra5 Be6 37. Kd4 Rd8+ 38. Kc3 Ra8 39. g3 Bd7 40.
Kd4 Be6 41. Ke3 Bd7 42. Ra6 Bb5 43. Ra5 Bc6 44. e5 Bb7 45. Kd4 Ke6 46. exf6
1/2-1/2

[Event "1st Grand Prix 2019, ((tie-break)) 2019"]
[Site "Moscow RUS"]
[Date "2019.05.19"]
[Round "1"]
[White "Nakamura, Hikaru"]
[Black "Radjabov, Teimour"]
[Result "1-0"]
[WhiteElo "2761"]
[BlackElo "2759"]
[PlyCount "81"]
[EventDate "2019.05.17"]

1. d4 Nf6 2. c4 e6 3. Nf3 d5 4. Nc3 Be7 5. Bg5 h6 6. Bh4 dxc4 7. e3 c5 8. Bxc4
cxd4 9. Nxd4 O-O 10. O-O Bd7 11. Qe2 Nc6 12. Rfd1 Qb6 13. Nf3 Rfd8 14. e4 Be8
15. e5 Nd7 16. Bxe7 Nxe7 17. Rd6 Qa5 18. Rad1 Nf5 19. R6d2 Nf8 20. Bd3 Bc6 21.
Be4 Rxd2 22. Rxd2 Rc8 23. h4 a6 24. h5 b5 25. a3 Bxe4 26. Qxe4 Qb6 27. Kh2 Qa7
28. Qd3 Rc7 29. Ne4 Rd7 30. Nd6 Qb6 31. g4 Nxd6 32. exd6 f6 33. Nh4 Kf7 34. f4
Ke8 35. f5 e5 36. Qd5 Qe3 37. Ng6 Nxg6 38. hxg6 Qf4+ 39. Kh3 Qf1+ 40. Kh4 Qe1+
41. Kh5 1-0